Normal view
MARC view
- Maddock, R.J Calcutt, D.M
Entry Personal Name
001 - CONTROL NUMBER
- control field: 57788
003 - CONTROL NUMBER IDENTIFIER
- control field: NUST
005 - DATE AND TIME OF LATEST TRANSACTION
- control field: 20210628202009.0
008 - FIXED-LENGTH DATA ELEMENTS
- fixed length control field: 210628|| aca||aabn | a|a d
040 ## - CATALOGING SOURCE
- Original cataloging agency: NUST
- Transcribing agency: NUST
100 ## - HEADING--PERSONAL NAME
- Personal name: Maddock, R.J Calcutt, D.M
670 ## - SOURCE DATA FOUND
- Source citation: Work cat.: (NUST): Maddock, R.J Calcutt, D.M, Electronics, a course for engineers, 1993
